[Event "LiSB-ch Veterans"]
[Site "Stein"]
[Date "2002.12.07"]
[Round "4"]
[White "Meijerink, Harrie"]
[Black "Simonis, Peter"]
[Result "0-1"]
[WhiteElo "1691"]
[BlackElo "1746"]
[PlyCount "138"]
[EventDate "2002.11.30"]
[EventType "swiss"]
[EventRounds "5"]
[EventCountry "NED"]
[Source "P.Boonen"]
[SourceDate "2012.01.01"]

1. d4 d5 2. c4 c6 3. Nf3 Nf6 4. Nc3 dxc4 5. a4 Bf5 6. e3 e6 7. Bxc4 Nbd7 8. O-O
Bd6 9. Qe2 Nd5 10. Rd1 Qc7 11. Bd2 O-O 12. h3 N7b6 13. Bd3 Nxc3 14. bxc3 Bxd3
15. Qxd3 h6 16. c4 Be7 17. Ba5 c5 18. Rdc1 Rad8 19. Qc2 Bf6 20. Rab1 Qc6 21.
dxc5 Nxa4 22. Bxd8 Rxd8 23. Qb3 Nxc5 24. Qb5 Qxb5 25. Rxb5 b6 26. Kf1 Kf8 27.
Ke2 Ne4 28. Rb3 Nc5 29. Rb5 Ne4 30. Nd4 Nc5 31. Nc6 Rd7 32. Rd1 Rc7 33. Nd4 Ne4
34. Rc1 Be7 35. f3 Nd6 36. Rb4 Nb7 37. Nb5 Bxb4 38. Nxc7 Nc5 39. Rb1 a5 40. Nb5
Ke7 41. Nd4 Kd6 42. Rd1 Kc7 43. Nb5+ Kc8 44. Nd6+ Kc7 45. Nxf7 Nb3 46. Ne5 a4
47. Nd3 Bc3 48. Nc1 Nxc1+ 49. Rxc1 Bb2 50. Kd2 Bxc1+ 51. Kxc1 Kc6 52. Kb2 Kc5
53. Ka3 Kxc4 54. Kxa4 b5+ 55. Ka3 b4+ 56. Kb2 b3 57. Kb1 Kc3 58. e4 Kd3 59. Kb2
Ke3 60. Kxb3 Kf2 61. f4 Ke3 62. f5 e5 63. Kc4 Kxe4 64. g4 Kf4 65. Kd5 e4 66.
Kd4 e3 67. Kd3 Kf3 68. h4 e2 69. g5 e1=Q 0-1

[Event "LiSB-ch Veterans"]
[Site "Stein"]
[Date "2002.12.07"]
[Round "4"]
[White "Schreinemachers, Jo"]
[Black "Lemaire, Jack"]
[Result "1/2-1/2"]
[WhiteElo "1619"]
[BlackElo "1795"]
[PlyCount "70"]
[EventDate "2002.11.30"]
[EventType "swiss"]
[EventRounds "5"]
[EventCountry "NED"]
[Source "P.Boonen"]
[SourceDate "2012.01.01"]

1. d4 d5 2. c4 c6 3. Nf3 e6 4. Nc3 Be7 5. e3 Nf6 6. Bd3 Nbd7 7. O-O dxc4 8.
Bxc4 Nb6 9. Bd3 O-O 10. Qc2 Nbd5 11. a3 h6 12. Bd2 Bd7 13. Ne5 Rc8 14. Rac1 c5
15. Nxd7 Qxd7 16. dxc5 Bxc5 17. Rfd1 Qe7 18. Qa4 Rfd8 19. Bb1 Nxc3 20. Bxc3 Nd5
21. Qg4 Qg5 22. Qxg5 hxg5 23. Bd2 Bb6 24. Rxc8 Rxc8 25. Rc1 Rxc1+ 26. Bxc1 f6
27. Kf1 Kf7 28. Ke2 Bc7 29. h3 Ke7 30. Bd2 b5 31. b4 Kd6 32. Kd3 e5 33. Ba2 Ne7
34. e4 Bb6 35. Be3 Bxe3 1/2-1/2

[Event "LiSB-ch Veterans"]
[Site "Stein"]
[Date "2002.12.07"]
[Round "4"]
[White "Tammen, Fred"]
[Black "De Wit, Gerrit"]
[Result "1/2-1/2"]
[WhiteElo "1639"]
[BlackElo "1642"]
[PlyCount "132"]
[EventDate "2002.11.30"]
[EventType "swiss"]
[EventRounds "5"]
[EventCountry "NED"]
[Source "P.Boonen"]
[SourceDate "2012.01.01"]

1. d4 d5 2. Nf3 e6 3. c4 c6 4. e3 f5 5. b3 Bd6 6. g3 Nf6 7. Bg2 Qe7 8. O-O O-O
9. a4 a5 10. Ba3 Bxa3 11. Nxa3 Nbd7 12. Nc2 Ne4 13. Nfe1 b6 14. f3 Nef6 15. Rf2
Bb7 16. Qd3 Rad8 17. cxd5 cxd5 18. f4 Ra8 19. Na3 Rac8 20. Nb5 Ne4 21. Rc2 Rxc2
22. Qxc2 Rc8 23. Qb2 Ndf6 24. Rc1 Qd7 25. Rxc8+ Qxc8 26. Qc2 Qxc2 27. Nxc2 Nd2
28. Bf1 Nxb3 29. Nd6 Bc6 30. Nc8 Nd7 31. Ne7+ Kf7 32. Nxc6 Nf6 33. Bd3 Ke8 34.
h3 Kd7 35. Ne5+ Kd6 36. Kf2 Nc1 37. Ne1 Ne8 38. g4 fxg4 39. hxg4 h6 40. Bc2 Nf6
41. N1d3 Ne4+ 42. Ke1 Na2 43. Nf2 Nxf2 44. Kxf2 Nc3 45. Ke1 b5 46. axb5 Nxb5
47. Kd2 Nc7 48. Ba4 Na8 49. Nd3 Nb6 50. Nc5 Nc4+ 51. Ke2 g5 52. Bb3 Na3 53.
fxg5 hxg5 54. Nb7+ Kc6 55. Nxa5+ Kd6 56. Bxd5 exd5 57. Nb3 Kc7 58. Kd3 Kd6 59.
Nd2 Nb5 60. Nf3 Ke6 61. Ne5 Kf6 62. Nf3 Nd6 63. Kc3 Ne4+ 64. Kb4 Ke6 65. Kb5
Nf2 66. Ne5 Nd1 1/2-1/2

[Event "LiSB-ch Veterans"]
[Site "Stein"]
[Date "2002.12.08"]
[Round "5"]
[White "De Wit, Gerrit"]
[Black "Schreinemachers, Jo"]
[Result "1/2-1/2"]
[WhiteElo "1642"]
[BlackElo "1619"]
[PlyCount "103"]
[EventDate "2002.11.30"]
[EventType "swiss"]
[EventRounds "5"]
[EventCountry "NED"]
[Source "P.Boonen"]
[SourceDate "2012.01.01"]

1. e4 c6 2. d4 d5 3. e5 Bf5 4. Nf3 e6 5. Be2 c5 6. O-O Nc6 7. c3 cxd4 8. cxd4
Nge7 9. a3 Nc8 10. Be3 Be7 11. Nbd2 O-O 12. Re1 Nb6 13. b4 a6 14. Rc1 Rc8 15.
Nb3 Nd7 16. Nc5 Nxc5 17. bxc5 Qa5 18. Qb3 Rb8 19. Bd2 Qc7 20. Qc3 h6 21. h3
Rfe8 22. Nh2 f6 23. f4 fxe5 24. fxe5 Bh4 25. Rf1 Rf8 26. Ng4 Rf7 27. Ne3 Be4
28. Bh5 g6 29. Bg4 Bf5 30. Nxf5 gxf5 31. Bh5 Rg7 32. Bf4 Bg5 33. Rb1 Bxf4 34.
Rxf4 Rg5 35. Be2 Qg7 36. Qf3 Rg3 37. Qf1 Rxh3 38. Bxa6 Qg3 39. Rf3 Qh2+ 40. Kf2
Rxf3+ 41. Kxf3 Nxd4+ 42. Kf2 Qxe5 43. Rxb7 Rxb7 44. Bxb7 Qf4+ 45. Kg1 Qe3+ 46.
Kh1 Qxa3 47. c6 Qd6 48. Qc1 Qc7 49. Qxh6 e5 50. Qg6+ Kf8 51. Qf6+ Kg8 52. Qg6+
1/2-1/2

[Event "LiSB-ch Veterans"]
[Site "Stein"]
[Date "2002.12.08"]
[Round "5"]
[White "Hendriks, Frits"]
[Black "Simonis, Peter"]
[Result "0-1"]
[WhiteElo "1771"]
[BlackElo "1746"]
[PlyCount "74"]
[EventDate "2002.11.30"]
[EventType "swiss"]
[EventRounds "5"]
[EventCountry "NED"]
[Source "P.Boonen"]
[SourceDate "2012.01.01"]

1. e4 c5 2. Nc3 Nc6 3. g3 g6 4. Bg2 Bg7 5. d3 d6 6. f4 e6 7. Nf3 Nge7 8. O-O
O-O 9. Bd2 Rb8 10. Rb1 b5 11. a3 a5 12. a4 b4 13. Nb5 Qd7 14. c4 Na7 15. Be3
Nxb5 16. axb5 Qc7 17. Qc2 Bb7 18. Qf2 Rfc8 19. g4 f5 20. gxf5 exf5 21. Nd2 a4
22. d4 fxe4 23. Bh3 Nf5 24. Bxf5 gxf5 25. Ra1 Ra8 26. b3 a3 27. Ra2 cxd4 28.
Bxd4 Bxd4 29. Qxd4 Qc5 30. Qxc5 dxc5 31. Re1 Rd8 32. Re3 Rd7 33. Nf1 Rad8 34.
Kf2 Rd3 35. Ke2 Kf7 36. Ra1 Ke6 37. Rb1 Rd1 0-1

[Event "LiSB-ch Veterans"]
[Site "Stein"]
[Date "2002.12.08"]
[Round "5"]
[White "Michon, John"]
[Black "Lemaire, Jack"]
[Result "0-1"]
[WhiteElo "1689"]
[BlackElo "1705"]
[PlyCount "134"]
[EventDate "2002.11.30"]
[EventType "swiss"]
[EventRounds "5"]
[EventCountry "NED"]
[Source "P.Boonen"]
[SourceDate "2012.01.01"]

1. d4 Nf6 2. c4 g6 3. Nc3 d5 4. cxd5 Nxd5 5. e4 Nxc3 6. bxc3 Bg7 7. Bc4 c5 8.
Ne2 cxd4 9. cxd4 O-O 10. f4 Bg4 11. Be3 Qa5+ 12. Bd2 Qb6 13. Bc3 Nc6 14. e5
Rad8 15. Rb1 Bxe2 16. Bxe2 Qc7 17. Qa4 a6 18. O-O Qc8 19. Rbc1 Qd7 20. Rcd1
Nxe5 21. Qxd7 Nxd7 22. Bf3 b5 23. Ba5 Rc8 24. Bb7 Rc2 25. Bxa6 Rxa2 26. Bxb5
Rxa5 27. Bxd7 Rd5 28. Bc6 Bxd4+ 29. Kh1 Rd6 30. Bf3 Rfd8 31. g3 Kg7 32. Kg2 h5
33. Rfe1 e6 34. h3 f6 35. h4 e5 36. fxe5 Bxe5 37. Rxd6 Rxd6 38. Be4 Rd2+ 39.
Kf3 Ra2 40. Re3 Kh6 41. Rb3 Bd4 42. Kf4 Rf2+ 43. Rf3 Rg2 44. Bc6 Be5+ 45. Ke4
Rxg3 46. Bd7 f5+ 47. Ke3 Rg4 48. Rh3 Bg3 49. Kf3 Bxh4 50. Be6 Bg5 51. Bb3 Rb4
52. Bd1 Rb1 53. Be2 Rb3+ 54. Kg2 Rxh3 55. Kxh3 Be3 56. Kg3 Kg5 57. Kf3 f4 58.
Kg2 Kh4 59. Kh2 g5 60. Kg2 g4 61. Kh2 Bc5 62. Kh1 Kg3 63. Bd1 Kf2 64. Bb3 Bd6
65. Bf7 h4 66. Bd5 f3 67. Be6 g3 0-1

[Event "LiSB-ch Veterans"]
[Site "Stein"]
[Date "2002.12.08"]
[Round "5"]
[White "Tammen, Fred"]
[Black "Claes, Peter"]
[Result "0-1"]
[WhiteElo "1639"]
[BlackElo "1691"]
[PlyCount "74"]
[EventDate "2002.11.30"]
[EventType "swiss"]
[EventRounds "5"]
[EventCountry "NED"]
[Source "P.Boonen"]
[SourceDate "2012.01.01"]

1. f4 c5 2. Nf3 d6 3. g3 Nc6 4. Bg2 Nf6 5. O-O g6 6. d3 Bg7 7. e4 Qb6 8. Qe1
c4+ 9. Qf2 Qxf2+ 10. Rxf2 Ng4 11. Rd2 Ne3 12. Re2 Nxg2 13. Kxg2 Bg4 14. Nbd2
cxd3 15. cxd3 Nb4 16. d4 Nc2 17. Rb1 Bxd4 18. Nxd4 Nxd4 19. Re3 Rc8 20. Nb3
Rc2+ 21. Kh1 Nf3 22. Rxf3 Bxf3+ 23. Kg1 Bxe4 24. Be3 Rg2+ 25. Kf1 Bxb1 26. Kxg2
Bxa2 27. Nc1 Bd5+ 28. Kf2 a6 29. Bd4 f6 30. Nd3 Kd7 31. Nb4 Bc6 32. Nxc6 Kxc6
33. g4 e5 34. fxe5 fxe5 35. Bc3 Rf8+ 36. Ke3 Rf4 37. h3 Kd5 0-1